| 000 | 01334 a2200253 4500 | ||
|---|---|---|---|
| 003 | Nust | ||
| 005 | 20220727122850.0 | ||
| 010 | _a 98028034 | ||
| 020 | _a1558603433 | ||
| 040 | _cNust | ||
| 082 | 0 | 0 | _a004.35,CUL |
| 100 | 1 |
_aCuller, David E. _913753 |
|
| 245 | 1 | 0 |
_aParallel computer architecture : _ba hardware/software approach / _cDavid E. Culler, Jaswinder Pal Singh, with Anoop Gupta. |
| 260 |
_aSan Francisco : _bMorgan Kaufmann Publishers, _cc1999. |
||
| 300 |
_axxix, 1025 p. : _bill. ; _c25 cm. |
||
| 505 | _aIntroduction (Page-1), Parallel Programs (Page-75), Programming for Performance (Page-121), Workload-Driven Evaluation (Page-199), Shared Memory Multiprocessors (Page-269), Snoop-Based Multiprocessor Design (Page-377), Scalable Multiprocessors (Page-453), Directory-Based Cache Coherence (Page-553), Hardware/Software Trade-offs (Page-679), Interconnection Network Design (Page-749), Latency Tolerance (Page-831), Future Directions (Page-935). | ||
| 650 | 0 | _aComputer architecture. | |
| 650 | 0 |
_aParallel computers. _913754 |
|
| 700 | 1 |
_aGupta, Anoop. _913756 |
|
| 700 | 1 |
_aSingh, Jaswinder Pal. _913755 |
|
| 856 | 4 | 2 |
_3Publisher description _uhttp://www.loc.gov/catdir/description/els033/98028034.html |
| 856 | 4 | 2 |
_3Table of contents _uhttp://www.loc.gov/catdir/toc/els032/98028034.html |
| 942 |
_2ddc _cBK |
||
| 999 |
_c176330 _d176330 |
||